[Event "Championnat de France - Open B"]
[Site "Chartres"]
[Date "2005.08.18"]
[Round "3.10"]
[White "Wojtkowski, Frederic"]
[Black "Morisse, Matthieu"]
[Result "0-1"]
[WhiteElo "1859"]
[BlackElo "1970"]
[PlyCount "44"]
[EventDate "2005.??.??"]

1. e4 e5 2. f4 exf4 3. Nf3 d5 4. exd5 Qxd5 5. Nc3 Qa5 6. Bc4 Nf6 7. O-O Qc5+ 8.
d4 Qxc4 9. Ne5 Qa6 10. Bxf4 Be7 11. Qe1 Be6 12. Rd1 c6 13. g4 Nd5 14. Nxf7 Bxf7
15. Bd6 O-O 16. Nxd5 Bxd6 17. Ne7+ Bxe7 18. Qxe7 Qc4 19. d5 Qxg4+ 20. Kf2 Bxd5+
21. Ke3 Na6 22. Rxd5 cxd5 0-1

[Event "Championnat de France - Open B"]
[Site "Chartres"]
[Date "2005.08.18"]
[Round "3.14"]
[White "Elice, Florent"]
[Black "Rocland, Theo"]
[Result "1/2-1/2"]
[WhiteElo "1930"]
[BlackElo "1830"]
[PlyCount "27"]
[EventDate "2005.??.??"]

1. e4 e5 2. Nf3 Nf6 3. d4 Nxe4 4. Bd3 Nc6 5. Bxe4 d5 6. Bd3 e4 7. Be2 exf3 8.
Bxf3 Be6 9. Be3 Qd7 10. c4 Bb4+ 11. Nc3 O-O 12. O-O Ne7 13. c5 c6 14. Bf4
1/2-1/2

[Event "Championnat de France - Open B"]
[Site "Chartres"]
[Date "2005.08.18"]
[Round "3.16"]
[White "Dureau, Laurent"]
[Black "Leblic, Pierre"]
[Result "1-0"]
[WhiteElo "1929"]
[BlackElo "1680"]
[PlyCount "51"]
[EventDate "2005.??.??"]

1. e4 c6 2. d4 d5 3. Nc3 dxe4 4. Nxe4 Nd7 5. Bd3 Ngf6 6. Ng5 h6 7. Ne6 Qb6 8.
Nf3 fxe6 9. Bg6+ Kd8 10. O-O Nb8 11. Ne5 Rg8 12. Nf7+ Kd7 13. c4 a5 14. Re1 Na6
15. d5 exd5 16. cxd5 Nc5 17. dxc6+ Kxc6 18. Nd8+ Kc7 19. Bf4+ e5 20. Rxe5 Bd6
21. Rxc5+ Qxc5 22. Rc1 Qxc1 23. Qxc1+ Kxd8 24. Bxd6 Nd5 25. Bf7 Kd7 26. Bg3 1-0

[Event "Championnat de France - Open B"]
[Site "Chartres"]
[Date "2005.08.18"]
[Round "3.23"]
[White "Denes, Maxime"]
[Black "Conchon, Jean-Paul"]
[Result "1/2-1/2"]
[WhiteElo "1950"]
[BlackElo "1820"]
[PlyCount "64"]
[EventDate "2005.??.??"]

1. e4 d6 2. d4 Nf6 3. Nc3 g6 4. Bg5 Bg7 5. f4 c6 6. Nf3 Qa5 7. Bd3 Bg4 8. O-O
Nfd7 9. e5 f6 10. Bh4 O-O 11. exd6 exd6 12. h3 Bxf3 13. Qxf3 Na6 14. f5 g5 15.
Bg3 Qb4 16. Ne2 d5 17. c3 Qe7 18. Rae1 Qf7 19. Bd6 Rfe8 20. Ng3 Bf8 21. Bxf8
Nxf8 22. h4 h6 23. hxg5 hxg5 24. Nh5 Nc7 25. Kf2 Rxe1 26. Rxe1 Re8 27. Rh1 Nh7
28. Qh3 Re7 29. Be2 Ne8 30. Ng3 Qg7 31. Bh5 Nf8 32. Bxe8 Rxe8 1/2-1/2

[Event "Championnat de France - Open B"]
[Site "Chartres"]
[Date "2005.08.18"]
[Round "3.24"]
[White "Tapero, Eric"]
[Black "Wlassewitch, Sylvain"]
[Result "1/2-1/2"]
[WhiteElo "1950"]
[BlackElo "1770"]
[PlyCount "71"]
[EventDate "2005.??.??"]

1. d4 b6 2. c4 Bb7 3. Nc3 e6 4. Nf3 d5 5. cxd5 Bxd5 6. Nxd5 exd5 7. a3 Nf6 8.
Bg5 Be7 9. e3 Ne4 10. Bxe7 Qxe7 11. Bb5+ c6 12. Ba4 O-O 13. Rc1 Rc8 14. O-O Nf6
15. Bb3 Qd6 16. Re1 Nbd7 17. Bc2 c5 18. dxc5 bxc5 19. e4 Qc6 20. exd5 Qxd5 21.
Qxd5 Nxd5 22. Bf5 N5f6 23. Ne5 Nxe5 24. Bxc8 Nd3 25. Bf5 Nxe1 26. Rxe1 Rb8 27.
Re2 g6 28. Bh3 Rb3 29. g3 Kf8 30. Bg2 Rb8 31. Kf1 Re8 32. h3 Rxe2 33. Kxe2 Ke7
34. Kd3 Kd6 35. Kc4 Nd7 36. Bf3 1/2-1/2

[Event "Championnat de France - Open B"]
[Site "Chartres"]
[Date "2005.08.18"]
[Round "3.29"]
[White "Charpentier, Denis"]
[Black "Gonzalez, Maxime"]
[Result "1-0"]
[WhiteElo "1917"]
[BlackElo "1760"]
[PlyCount "51"]
[EventDate "2005.??.??"]

1. e4 e6 2. d3 d5 3. Nd2 Nf6 4. Ngf3 c5 5. g3 Nc6 6. Bg2 Bd6 7. O-O d4 8. Qe2
e5 9. Nc4 b5 10. Nxd6+ Qxd6 11. Nh4 O-O 12. f4 Nd7 13. f5 f6 14. g4 Ba6 15. g5
c4 16. g6 h6 17. Qh5 Qe7 18. Rf3 cxd3 19. Bxh6 gxh6 20. g7 Rf7 21. Ng6 Qd8 22.
Qxh6 Rxg7 23. Rg3 Rh7 24. Nf8+ Kf7 25. Qxh7+ Ke8 26. Nxd7 1-0

[Event "Championnat de France - Open B"]
[Site "Chartres"]
[Date "2005.08.18"]
[Round "3.32"]
[White "Fischer, Jean-Claude"]
[Black "Taboureau, Karine"]
[Result "1/2-1/2"]
[WhiteElo "1910"]
[BlackElo "1690"]
[PlyCount "59"]
[EventDate "2005.??.??"]

1. e4 c5 2. f4 d6 3. Bb5+ Nd7 4. Nf3 a6 5. Bxd7+ Bxd7 6. O-O Qc7 7. d3 e6 8.
Nc3 Be7 9. Ne2 Nf6 10. Ng3 O-O 11. Ng5 Rac8 12. c3 b5 13. Qe2 Bc6 14. Bd2 Bb7
15. Rae1 Rcd8 16. f5 e5 17. Nh3 d5 18. Bg5 Rfe8 19. Nh5 Nxh5 20. Qxh5 f6 21.
Bc1 dxe4 22. dxe4 Bf8 23. g4 Qf7 24. Qxf7+ Kxf7 25. Nf2 c4 26. Be3 Be7 27. Rd1
Bc6 28. Bb6 Rb8 29. Be3 a5 30. a3 1/2-1/2

[Event "Championnat de France - Accession"]
[Site "Chartres"]
[Date "2005.08.19"]
[Round "4.1"]
[White "Prie, Eric"]
[Black "Onkoud, Abdelaziz"]
[Result "1/2-1/2"]
[WhiteElo "2464"]
[BlackElo "2361"]
[PlyCount "88"]
[EventDate "2005.??.??"]

1. d4 g6 2. e4 Bg7 3. f4 c6 4. Nf3 d5 5. e5 h5 6. Be3 Nh6 7. Nbd2 Bf5 8. h3 Nd7
9. c3 Qb6 10. Qb3 f6 {=} 11. Nh4 Qxb3 12. axb3 Kf7 13. Rg1 Be6 14. Be2 a6 15.
Bf2 Nf5 16. Nxf5 Bxf5 17. g4 hxg4 18. hxg4 Be6 19. Bd3 f5 20. gxf5 gxf5 21. Nf3
Bh6 22. Bh4 Bxf4 23. Bg5 Rh3 24. Ke2 Bg3 25. Be3 Rg8 26. Ng5+ Rxg5 27. Bxg5
Rh2+ 28. Kf3 Bxe5 29. Rh1 Rxh1 30. Rxh1 Bg7 31. Kf4 c5 32. Re1 cxd4 33. Bxf5
Bxf5 34. Kxf5 Nf6 35. cxd4 Ne4 36. Be3 Nd6+ 37. Kf4 Ke6 38. Bd2+ Kd7 39. Bc3
Bf6 40. Ke3 Nb5 41. Kd3 Na7 42. Rf1 Nc6 43. Rf4 Ke6 44. Be1 Bg5 1/2-1/2

[Event "Championnat de France - Accession"]
[Site "Chartres"]
[Date "2005.08.19"]
[Round "4.2"]
[White "Libiszewski, Fabien"]
[Black "Giffard, Nicolas"]
[Result "1/2-1/2"]
[WhiteElo "2413"]
[BlackElo "2330"]
[PlyCount "168"]
[EventDate "2005.??.??"]

1. e4 c6 2. d4 d5 3. e5 Bf5 4. Nf3 e6 5. a3 Nd7 6. Be2 h6 7. Nbd2 Bh7 8. O-O
Ne7 9. b4 Ng6 10. Nb3 Be7 11. Ne1 b6 12. g3 O-O 13. Be3 a5 14. c3 axb4 15. axb4
Rxa1 16. Qxa1 Qa8 17. Ng2 Rb8 18. Qb2 Qb7 19. f4 Ngf8 20. g4 f5 21. h3 c5 22.
b5 c4 23. Nd2 Ra8 24. Ra1 Ra5 25. Bf2 Qa7 26. Rxa5 Qxa5 27. Be1 Qa3 28. Qxa3
Bxa3 29. Ne3 g6 30. Nb1 Be7 31. Bd2 Kg7 32. Bc1 Bg8 33. Ba3 Bxa3 34. Nxa3 Bf7
35. Kf2 Be8 36. Kg3 Kf7 37. Nec2 Ke7 38. Nb4 Nb8 39. Bd1 Kd8 40. Kh4 Kc7 41.
Bf3 Bf7 42. Nbc2 Be8 43. Kg3 Bf7 44. Ne3 Nbd7 45. Kf2 Nb8 46. Nf1 Nbd7 47. Ng3
Nb8 48. gxf5 gxf5 49. Nh5 Nbd7 50. Ng7 Kd8 51. Nc2 Ke7 52. Bh5 Bxh5 53. Nxh5
Kf7 54. Nb4 Kg6 55. Ng3 Kf7 56. Nf1 Ng6 57. Kg3 Ndf8 58. Ne3 Ne7 59. Nec2 Ke8
60. Na2 Kd7 61. Nc1 Nc8 62. Ne2 Ng6 63. Kf3 Na7 64. Na3 Nh4+ 65. Kf2 Ng6 66.
Ke3 Nh4 67. Kf2 Ng6 68. Kg3 Ke7 69. Ng1 Kf7 70. Nf3 Kg7 71. Ne1 Kf7 72. Ng2 Kg7
73. Kf2 Kf7 74. Kf3 Kg7 75. Kg3 Kf7 76. Ne3 Ke7 77. Nf1 Kf7 78. Nh2 Ke7 79. Nf3
Kf7 80. Ng1 Ke7 81. Ne2 Kf7 82. Kf2 Ke7 83. Ke3 Nh4 84. Kf2 Ng6 1/2-1/2

[Event "Championnat de France - Accession"]
[Site "Chartres"]
[Date "2005.08.19"]
[Round "4.3"]
[White "Manouck, Thierry"]
[Black "Chernuschevich, Alexei"]
[Result "0-1"]
[WhiteElo "2273"]
[BlackElo "2530"]
[PlyCount "142"]
[EventDate "2005.??.??"]

1. c4 Nf6 2. g3 e6 3. Nf3 d5 4. b3 Be7 5. Bg2 O-O 6. O-O a5 7. Nc3 d4 8. Nb5 c5
9. e3 Nc6 10. exd4 cxd4 11. d3 e5 12. Bg5 Bf5 13. Re1 Bb4 14. Bd2 Re8 15. a3
Bf8 16. Bg5 Rc8 17. Nh4 Bd7 18. Qf3 h6 19. Bxf6 Qxf6 20. Qxf6 gxf6 21. Be4 Nd8
22. Bf5 Ne6 23. a4 Red8 24. Nf3 Nc5 25. Nh4 Bxf5 26. Nxf5 Nxd3 27. Red1 Nc5 28.
Rab1 Kh7 29. g4 Ne6 30. Ng3 Bb4 31. f3 Nf4 32. Kf2 Bc5 33. Ne4 Kg6 34. h4 d3+
35. Nxc5 Rxc5 36. Rd2 f5 37. Ke3 fxg4 38. fxg4 Rc6 39. Nc3 h5 40. Rg1 hxg4 41.
Rxg4+ Kf5 42. Rg5+ Ke6 43. h5 Rh8 44. Rh2 Rh6 45. Ne4 Rc8 46. Ng3 Rch8 47. Nf5
f6 48. Ng7+ Kf7 49. Rg3 Nxh5 50. Nxh5 Rxh5 51. Rxh5 Rxh5 52. Kxd3 f5 53. c5 f4
54. Rg1 Rh3+ 55. Kc4 Re3 56. b4 Re4+ 57. Kd5 Rxb4 58. Kxe5 Rxa4 59. Rg5 Rb4 60.
Rf5+ Ke7 61. Rh5 f3 62. Rf5 Rb3 63. Rf4 Kd7 64. Kd5 Kc7 65. Rf7+ Kb8 66. Kc4 a4
67. Kd5 a3 68. Rf8+ Ka7 69. Rf4 Rd3+ 70. Ke5 Ka6 71. Ke4 Rb3 0-1

[Event "Championnat de France - Accession"]
[Site "Chartres"]
[Date "2005.08.19"]
[Round "4.4"]
[White "Dourerassou, Jonathan"]
[Black "Le Roux, Jean-Pierre"]
[Result "1-0"]
[WhiteElo "2358"]
[BlackElo "2468"]
[PlyCount "51"]
[EventDate "2005.??.??"]

1. e4 c6 2. d4 d5 3. Nc3 dxe4 4. Nxe4 Nd7 5. Ng5 Ngf6 6. Bd3 e6 7. N1f3 Bd6 8.
Qe2 h6 9. Ne4 Nxe4 10. Qxe4 Qc7 11. Qg4 Kf8 12. Nd2 Nf6 13. Qe2 e5 14. dxe5
Bxe5 15. Nc4 Bxh2 16. g3 Bg4 17. Qf1 Re8+ 18. Ne3 Bxg3 19. fxg3 Nd5 20. Qf2 Nb4
21. Bc4 Be6 22. Bxe6 Rxe6 23. O-O Rf6 24. Nf5 Kg8 25. Bf4 Qa5 26. Bd2 1-0

[Event "Championnat de France - Accession"]
[Site "Chartres"]
[Date "2005.08.19"]
[Round "4.5"]
[White "Gozzoli, Yannick"]
[Black "Edouard, Romain"]
[Result "1/2-1/2"]
[WhiteElo "2444"]
[BlackElo "2334"]
[PlyCount "73"]
[EventDate "2005.??.??"]

1. d4 Nf6 2. c4 g6 3. g3 Bg7 4. Bg2 d5 5. cxd5 Nxd5 6. e4 Nb6 7. Ne2 O-O 8. O-O
c6 9. Nbc3 N8d7 10. a4 a5 11. b3 Re8 12. Ba3 e5 13. d5 Bf8 14. Bxf8 Nxf8 15.
Qd2 Bg4 16. f3 Bd7 17. f4 cxd5 18. exd5 Nc8 19. fxe5 Rxe5 20. Nd4 Nd6 21. Qf4
Qe7 22. Nf3 Rf5 23. Qd2 Ne4 24. Nxe4 Qxe4 25. Nd4 Rxf1+ 26. Rxf1 Qe5 27. Nf3
Qd6 28. Ng5 f5 29. Re1 b6 30. Qf4 Qxf4 31. gxf4 Re8 32. Rxe8 Bxe8 33. d6 Kg7
34. Bd5 Kf6 35. Kf2 h6 36. Nf3 Bf7 37. Bxf7 1/2-1/2

[Event "Championnat de France - Accession"]
[Site "Chartres"]
[Date "2005.08.19"]
[Round "4.6"]
[White "Philippe, Christophe"]
[Black "Govciyan, Pavel"]
[Result "1/2-1/2"]
[WhiteElo "2411"]
[BlackElo "2328"]
[PlyCount "82"]
[EventDate "2005.??.??"]

1. e4 e5 2. Nf3 Nc6 3. Bb5 g6 4. d4 exd4 5. Bg5 Be7 6. h4 h6 7. Bxe7 Qxe7 8.
Bxc6 Qb4+ 9. c3 Qxb2 10. Bd5 Qxa1 11. Qb3 dxc3 12. Bxf7+ Kf8 13. Bxg6 d5 14.
O-O c2 15. Qxc2 Qg7 16. h5 Ne7 17. Qxc7 Nxg6 18. Qd8+ Kf7 19. Qxd5+ Kf8 20.
hxg6 Qxg6 21. Rc1 Rh7 22. Ne5 Qf6 23. Rc3 Be6 24. Qd6+ Kg8 25. Ng4 Qg6 26. Rg3
Rg7 27. Ne3 Qf7 28. Rxg7+ Kxg7 29. Nc3 Rf8 30. f3 Kh7 31. Ncd5 Rc8 32. f4 Bxd5
33. Nxd5 Rc6 34. Qd8 Qe6 35. e5 Rc8 36. Nf6+ Kg6 37. Qd3+ Qf5 38. Qg3+ Kf7 39.
Qb3+ Kg6 40. Qg3+ Kf7 41. Qb3+ Kg6 1/2-1/2

[Event "Championnat de France - Accession"]
[Site "Chartres"]
[Date "2005.08.19"]
[Round "4.7"]
[White "Chomet, Pascal"]
[Black "Terrieux, Kevin"]
[Result "1/2-1/2"]
[WhiteElo "2317"]
[BlackElo "2365"]
[PlyCount "56"]
[EventDate "2005.??.??"]

1. e4 c5 2. Nf3 Nc6 3. Nc3 Nf6 4. d4 cxd4 5. Nxd4 e5 6. Ndb5 d6 7. Bg5 a6 8.
Na3 b5 9. Nd5 Be7 10. Bxf6 Bxf6 11. c3 Ne7 12. Nc2 Bb7 13. Ncb4 O-O 14. a4 a5
15. Nxe7+ Bxe7 16. Nd5 bxa4 17. Bb5 f5 18. Rxa4 fxe4 19. Rxe4 {=} 19... Kh8 20.
O-O Rc8 21. Rc4 Rb8 22. b4 Bc8 23. Qa4 Be6 24. Bc6 axb4 25. cxb4 Bg5 26. b5
Bxd5 27. Bxd5 Qb6 28. Rc6 Qxb5 1/2-1/2

[Event "Championnat de France - Accession"]
[Site "Chartres"]
[Date "2005.08.19"]
[Round "4.8"]
[White "Bardel, Stephan"]
[Black "Olivier, Jean-Christophe"]
[Result "1/2-1/2"]
[WhiteElo "2251"]
[BlackElo "2373"]
[PlyCount "58"]
[EventDate "2005.??.??"]

1. c4 e5 2. Nc3 Nf6 3. Nf3 Nc6 4. e3 Be7 5. Be2 O-O 6. d4 exd4 7. Nxd4 d5 8.
cxd5 Nxd5 9. Nxc6 bxc6 10. O-O Rb8 11. Nxd5 cxd5 12. b3 Bf6 13. Ba3 Bxa1 14.
Bxf8 Qxf8 15. Qxa1 Qa3 16. Rd1 Be6 17. Bf3 c6 18. e4 dxe4 19. Bxe4 c5 20. h3 a5
21. Qe5 Rc8 22. Bd5 Bxd5 23. Qxd5 g6 24. Qd7 Rf8 25. Qd2 a4 26. bxa4 Qxa4 27.
Rc1 c4 28. Qc2 Ra8 29. Qxc4 Qxc4 1/2-1/2

[Event "Championnat de France - Accession"]
[Site "Chartres"]
[Date "2005.08.19"]
[Round "4.9"]
[White "Bergez, Luc"]
[Black "Alanic, Xavier"]
[Result "1/2-1/2"]
[WhiteElo "2353"]
[BlackElo "2244"]
[PlyCount "86"]
[EventDate "2005.??.??"]

1. e4 c6 2. c4 d5 3. exd5 cxd5 4. cxd5 Nf6 5. Bb5+ Nbd7 6. Nc3 a6 7. Bxd7+ Qxd7
8. Qf3 b5 9. Nge2 Bb7 10. Nf4 Rd8 11. d4 Nxd5 12. Nfxd5 Bxd5 13. Nxd5 Qxd5 14.
Qxd5 Rxd5 15. Be3 e6 16. a4 Bb4+ 17. Ke2 bxa4 18. Rxa4 a5 19. Bd2 Bxd2 20. Kxd2
Ke7 21. Rha1 Rb8 22. Kc3 Rbb5 {=} 23. Rc4 Rg5 24. g3 Rgf5 25. f4 g5 26. Rc7+
Kf6 27. Rf1 Kg6 28. h4 a4 29. hxg5 Rb3+ 30. Kc4 Rxg3 31. Ra7 Rgxg5 32. Rxa4 Rg2
33. b4 Rc2+ 34. Kd3 Rc7 35. Ra2 Rh5 36. Rf3 Rb5 37. Rg3+ Kf6 38. Rb2 Rc1 39.
Re3 Rd1+ 40. Kc4 Rd5 41. Rd3 Rc1+ 42. Rc3 Rd1 43. Rd3 Rc1+ 1/2-1/2

[Event "Championnat de France - Accession"]
[Site "Chartres"]
[Date "2005.08.19"]
[Round "4.10"]
[White "Bleunven, Andre"]
[Black "Bolding, Klaus"]
[Result "1-0"]
[WhiteElo "2247"]
[BlackElo "2340"]
[PlyCount "118"]
[EventDate "2005.??.??"]

1. d4 e6 2. c4 b6 3. a3 g6 4. e4 Bb7 5. Nc3 Bg7 6. Nf3 d6 7. Be2 Nd7 8. Be3 a6
9. O-O Ne7 10. Qc1 h6 11. d5 e5 12. Ne1 f5 13. exf5 Nxf5 14. Bd3 Nf6 15. h3 Qe7
16. g4 Nh4 17. f3 h5 18. Bg5 hxg4 19. fxg4 O-O-O 20. Nf3 Nxf3+ 21. Rxf3 Rdf8
22. Qf1 c6 23. Ne4 cxd5 24. Nxf6 e4 25. Rf4 exd3 26. Re1 Qc7 27. cxd5 Qc5+ 28.
Kh2 d2 29. Rd1 Bxf6 30. Rxf6 Rxf6 31. Qxf6 Re8 32. Rxd2 Bxd5 33. Qxg6 Bc6 34.
Qf5+ Qxf5 35. gxf5 Re5 36. Rxd6 Kc7 37. Rf6 Kd7 38. Kg3 Rb5 39. b4 a5 40. Rf7+
Ke8 41. Re7+ Kf8 42. Kf4 axb4 43. f6 Bd5 44. axb4 Rxb4+ 45. Ke5 Bf7 46. h4 Rb1
47. Rb7 Re1+ 48. Kf5 Kg8 49. Rxb6 Re8 50. Rb7 Ra8 {=} 51. Bf4 Rc8 52. Be5 Re8
53. h5 Bxh5 54. Rg7+ Kh8 55. Kf4 Rf8 56. Kg5 Re8 57. Re7 Bf7 58. Rxe8+ Bxe8 59.
f7+ Kh7 1-0

[Event "Championnat de France - Accession"]
[Site "Chartres"]
[Date "2005.08.20"]
[Round "4.11"]
[White "Bijaoui, Manuel"]
[Black "Morelle, Ludovic"]
[Result "1/2-1/2"]
[WhiteElo "2338"]
[BlackElo "2232"]
[PlyCount "81"]
[EventDate "2005.??.??"]

1. e4 c5 2. Nf3 Nf6 3. Nc3 d5 4. exd5 Nxd5 5. Bb5+ Bd7 6. Ne5 Bxb5 7. Qf3 f6 8.
Nxb5 Na6 9. Qh5+ g6 10. Nxg6 hxg6 11. Qxh8 Qd7 12. Qh4 Qxb5 13. c4 Qb4 14. a3
Qa4 15. b3 Qxb3 16. cxd5 Qxd5 17. O-O Bg7 18. Rb1 O-O-O 19. Re1 Qf7 20. Qh3+
Kc7 21. Re6 b6 22. d3 f5 23. Bf4+ Kd7 24. Re2 Nb8 25. Rbe1 Nc6 26. Re6 Qxe6 27.
Rxe6 Kxe6 28. Qh7 Bf6 29. Qxg6 Rxd3 30. g4 Nd4 31. Be3 Nf3+ 32. Kf1 Nxh2+ 33.
Ke2 Rxe3+ 34. fxe3 Nxg4 35. e4 Ne5 36. Qxf5+ Kd6 37. Qc8 Nc6 38. Kd3 b5 39. Qf5
c4+ 40. Kd2 a6 41. Qd5+ 1/2-1/2

[Event "Championnat de France - Accession"]
[Site "Chartres"]
[Date "2005.08.20"]
[Round "4.12"]
[White "Vernay, Clovis"]
[Black "Roos, Louis"]
[Result "1/2-1/2"]
[WhiteElo "2238"]
[BlackElo "2334"]
[PlyCount "77"]
[EventDate "2005.??.??"]

1. d4 e6 2. c4 f5 3. Nc3 Nf6 4. e3 c6 5. Bd3 d5 6. Nge2 Bd6 7. Qc2 Ne4 8. O-O
Nd7 9. f3 Nxc3 10. bxc3 Qc7 11. g3 dxc4 12. Bxc4 Nb6 13. Bb3 c5 14. Qd1 Bd7 15.
a4 a5 16. Nf4 c4 17. Bc2 O-O-O 18. Ba3 Bxa3 19. Rxa3 g5 20. Ng2 h5 21. e4 f4
22. Qd2 e5 23. Rb1 Rh6 24. Qf2 fxg3 25. Qxg3 g4 26. f4 h4 27. Qe3 exd4 28. cxd4
g3 29. hxg3 hxg3 30. f5 Rdh8 31. Qxg3 Qxg3 32. Rxg3 Bxa4 33. Rb2 Bxc2 34. Rxc2
Rh1+ 35. Kf2 Rb1 36. f6 Rd1 37. d5 Rf8 38. Rf3 Nd7 39. Rxc4+ 1/2-1/2

[Event "Championnat de France - Accession"]
[Site "Chartres"]
[Date "2005.08.19"]
[Round "4.13"]
[White "Housieaux, David"]
[Black "Chanoine, Guillaume"]
[Result "1-0"]
[WhiteElo "2329"]
[BlackElo "2200"]
[PlyCount "75"]
[EventDate "2005.??.??"]

1. d4 d5 2. c4 c6 3. Nf3 e6 4. Qc2 Nf6 5. Bg5 Be7 6. e3 Ne4 7. Bxe7 Qxe7 8. Bd3
Nd6 9. Nbd2 Nd7 10. c5 Nb5 11. O-O f5 12. Ne5 Nxe5 13. dxe5 O-O 14. f4 b6 15.
Rfc1 Bd7 16. Nf3 Rfc8 17. a4 Nc7 18. b4 Rab8 19. Rab1 b5 20. axb5 Nxb5 21. Bxb5
Rxb5 22. Nd4 Rcb8 23. Nxb5 Rxb5 24. Qc3 Bc8 25. Ra1 a6 26. Ra5 Qb7 27. Rxb5
Qxb5 28. Kf2 Kf7 29. Qa3 Ke7 30. Rc3 g5 31. Qa5 Qb8 32. Qb6 Bb7 33. b5 axb5 34.
Ra3 Kd7 35. fxg5 Kc8 36. Ra7 b4 37. Ke2 Qc7 38. Qxc7+ 1-0

[Event "Championnat de France - Accession"]
[Site "Chartres"]
[Date "2005.08.19"]
[Round "4.14"]
[White "Robin, Samy"]
[Black "Bernard, Christophe"]
[Result "1-0"]
[WhiteElo "2231"]
[BlackElo "2321"]
[PlyCount "63"]
[EventDate "2005.??.??"]

1. d4 g6 2. e4 Bg7 3. Nc3 d6 4. Be2 Nf6 5. g4 h5 6. g5 Nfd7 7. Be3 c5 8. f4
cxd4 9. Bxd4 e5 10. Be3 exf4 11. Bxf4 Ne5 12. Nb5 Ke7 13. Qd2 a6 14. Nc3 Re8
15. O-O-O Nbc6 16. Nd5+ Kf8 17. Be3 Nd7 18. Nf4 Nc5 19. Bc4 Nxe4 20. Qd5 Be6
21. Nxe6+ Rxe6 22. Rf1 Re7 23. Rxf7+ Ke8 24. Rxg7 Rxg7 25. Qxe4+ Kd7 26. Nf3
Qe8 27. Qd3 Ne5 28. Nxe5+ Qxe5 29. Bd2 Rf8 30. Re1 Qxh2 31. Be6+ Kc7 32. Qc3+
1-0

[Event "Championnat de France - Accession"]
[Site "Chartres"]
[Date "2005.08.19"]
[Round "4.15"]
[White "Jolly, Jean-Francois"]
[Black "Lerch, Patrice"]
[Result "1/2-1/2"]
[WhiteElo "2203"]
[BlackElo "2291"]
[PlyCount "77"]
[EventDate "2005.??.??"]

1. e4 c5 2. Nf3 Nc6 3. Nc3 g6 4. d4 cxd4 5. Nxd4 Bg7 6. Be3 Nf6 7. Bc4 Qa5 8.
O-O d6 9. Nb3 Qc7 10. Be2 O-O 11. Bg5 Be6 12. f4 Na5 13. f5 Bc4 14. Kh1 Rac8
15. Bxf6 Bxf6 16. Bxc4 Nxc4 17. Nd5 Nxb2 18. Nxf6+ exf6 19. Qd4 Qc3 20. Qxa7
Qxc2 21. Qxb7 Nd3 22. Qb6 Qe2 23. Nd4 Qe3 24. fxg6 hxg6 25. Qxd6 Rcd8 26. Nf5
gxf5 27. Qxf6 Qd4 28. Qxf5 Rd6 29. a4 Qe5 30. Ra3 Qxf5 31. exf5 Ra8 32. a5 Raa6
33. g4 Rd5 34. Rfa1 Nb4 35. Ra4 Nc6 36. Kg2 Raxa5 37. Rxa5 Rxa5 38. Rxa5 Nxa5
39. g5 1/2-1/2

[Event "Championnat de France - Accession"]
[Site "Chartres"]
[Date "2005.08.20"]
[Round "4.16"]
[White "Feller, Sebastien"]
[Black "Carvallo, Henri"]
[Result "1-0"]
[WhiteElo "2282"]
[BlackElo "2191"]
[PlyCount "137"]
[EventDate "2005.??.??"]

1. d4 d6 2. c4 e5 3. Nc3 exd4 4. Qxd4 Nc6 5. Qd2 Nf6 6. b3 Be6 7. e4 a5 8. Bd3
g6 9. Nge2 Bg7 10. Bb2 Ne5 11. Bc2 O-O 12. O-O Nc6 13. Rac1 Nd7 14. Rcd1 Nc5
15. Ba1 Nb4 16. Rb1 c6 17. a3 Nxc2 {=} 18. Qxc2 Qc7 19. Nd1 Bxa1 20. Rxa1 a4
21. b4 Nb3 22. Rb1 f5 23. Nb2 Qf7 24. Rbd1 fxe4 25. Rxd6 e3 26. f3 Nd2 27. Rd1
Rfd8 28. Rxd8+ Rxd8 29. Qc3 Rf8 30. Qxe3 Nxc4 31. Nxc4 Bxc4 32. Nc3 Re8 33. Ne4
Rf8 34. Rd6 Qf5 35. Qd4 Be6 36. h3 h5 37. Qc5 Bd5 38. Nc3 Rf6 39. Nxd5 cxd5 40.
Qxd5+ Qxd5 41. Rxd5 Rc6 42. Rd3 Rc2 43. b5 Ra2 44. b6 Kf8 45. f4 Ke7 46. g4
hxg4 47. hxg4 Rb2 48. Rd4 Rxb6 49. Rxa4 Rb2 50. Rb4 Ra2 51. Rxb7+ Kf6 52. Rb6+
Kf7 53. Ra6 Rc2 54. Ra7+ Kf6 55. Ra6+ Kf7 56. f5 gxf5 57. gxf5 Rc5 58. f6 Rc2
59. a4 Ra2 60. Kf1 Rb2 61. Ke1 Ra2 62. Kd1 Rf2 63. Kc1 Ra2 64. Kb1 Re2 65. Rd6
Re4 66. a5 Re2 67. a6 Rh2 68. a7 Rh8 69. Ra6 1-0

[Event "Championnat de France - Accession"]
[Site "Chartres"]
[Date "2005.08.19"]
[Round "4.17"]
[White "Dimitrov, Christo"]
[Black "Flament, Francois"]
[Result "0-1"]
[WhiteElo "2270"]
[BlackElo "2183"]
[PlyCount "100"]
[EventDate "2005.??.??"]

1. e4 c5 2. Nf3 Nc6 3. Bb5 Nf6 4. Bxc6 bxc6 5. d3 d6 6. h3 e5 7. Nbd2 Be7 8.
O-O O-O 9. Nc4 Ne8 10. c3 f5 11. Nh2 fxe4 12. dxe4 Ba6 13. b3 d5 14. Nxe5 Qd6
15. Nxc6 Qxc6 16. exd5 Qf6 17. Re1 Qxf2+ 18. Kh1 Bd6 19. Ng4 Qg3 20. Re3 Qh4
21. c4 Nf6 22. Nxf6+ Qxf6 23. Bd2 Rae8 24. Qg1 Bc8 25. Rae1 Rxe3 26. Bxe3 Qh4
27. Rf1 Rxf1 28. Qxf1 Qg3 29. Bg1 Qf4 30. Qxf4 Bxf4 31. Bxc5 a6 32. Kg1 Bg3 33.
Bf2 Bxf2+ 34. Kxf2 Bf5 35. Ke3 Bb1 36. Kd4 Bxa2 37. b4 Kf7 38. b5 axb5 39. cxb5
Ke7 40. Kc5 Kd7 41. b6 Bb1 42. Kd4 Kd6 43. b7 Kc7 44. Ke5 Kxb7 45. Ke6 h5 46.
d6 Kc8 47. g4 hxg4 48. hxg4 Kd8 49. d7 g6 50. Kd6 Ba2 0-1

[Event "Championnat de France - Accession"]
[Site "Chartres"]
[Date "2005.08.19"]
[Round "4.18"]
[White "Le Goff, Damien"]
[Black "Ravot, Sylvain"]
[Result "0-1"]
[WhiteElo "2170"]
[BlackElo "2265"]
[PlyCount "61"]
[EventDate "2005.??.??"]

1. e4 e5 2. Nf3 Nc6 3. Bb5 Nge7 4. O-O a6 5. Ba4 g6 6. c3 Bg7 7. d4 b5 8. Bb3
d6 9. a4 bxa4 10. Bxa4 O-O 11. d5 Nb8 12. c4 Nd7 13. Nc3 Rb8 14. Ne1 f5 15.
Bxd7 Qxd7 16. f3 f4 17. Qa4 Qd8 18. Qa5 g5 19. c5 Rf6 20. Nd3 g4 21. Nxe5 dxe5
22. d6 Nc6 23. dxc7 Qd4+ 24. Kh1 Ra8 25. Qb6 gxf3 26. gxf3 Bh3 27. Qb7 Raf8 28.
Rg1 Rg6 29. Bxf4 Qf2 30. Qb3+ Kh8 31. Nd5 0-1

[Event "Championnat de France - Accession"]
[Site "Chartres"]
[Date "2005.08.19"]
[Round "4.19"]
[White "Prodhomme, Boris"]
[Black "Van Elst, Andreas"]
[Result "1/2-1/2"]
[WhiteElo "2025"]
[BlackElo "2263"]
[PlyCount "83"]
[EventDate "2005.??.??"]

1. d4 Nf6 2. c4 g6 3. Nc3 Bg7 4. e4 d6 5. h3 O-O 6. Be3 Nbd7 7. Qc2 c6 8. Nge2
a6 9. a4 e5 10. d5 cxd5 11. cxd5 Qa5 12. g4 Nc5 13. Ng3 b5 14. b4 Qxb4 15. Rb1
Qa5 16. axb5 Nfxe4 17. Ngxe4 Nxe4 18. Qxe4 Qxc3+ 19. Bd2 Qa3 20. b6 f5 21. Qg2
Bb7 22. gxf5 Qa2 23. Rc1 Rac8 24. Rxc8 Rxc8 25. fxg6 Bxd5 26. gxh7+ Kh8 27. Qg4
Qb1+ 28. Ke2 Rf8 29. Bg2 Qb5+ 30. Ke1 Bxg2 31. Qxg2 Qxb6 32. Rg1 Qb1+ 33. Ke2
Qxh7 34. Qg6 Qxg6 35. Rxg6 Rf6 36. Rg3 d5 37. h4 Kg8 38. Bg5 Rc6 39. h5 Kh7 40.
Rb3 e4 41. Rb7 Kg8 42. Rb8+ 1/2-1/2

[Event "Championnat de France - Accession"]
[Site "Chartres"]
[Date "2005.08.19"]
[Round "4.20"]
[White "Dussol, Pierre"]
[Black "Boukobza, Adrien"]
[Result "0-1"]
[WhiteElo "2261"]
[BlackElo "2164"]
[PlyCount "136"]
[EventDate "2005.??.??"]

1. e4 e6 2. d3 d5 3. Nd2 Nf6 4. Ngf3 c5 5. g3 Nc6 6. Bg2 Be7 7. O-O b6 8. Re1
Bb7 9. e5 Nd7 10. c4 d4 11. h4 Qc7 12. Qe2 O-O-O 13. Nf1 h6 14. N1h2 Rdg8 15.
Ng4 Nf8 16. Bd2 h5 17. Ngh2 Nh7 18. a3 g5 19. hxg5 Nxg5 20. Nh4 Nh7 21. N2f3
Nf8 22. b4 Ng6 23. Nxg6 Rxg6 24. bxc5 bxc5 25. Rab1 h4 26. Rxb7 Qxb7 27. Bf4
hxg3 28. fxg3 Rhg8 29. Qf2 Kc7 30. Nd2 Rb8 31. Rb1 Qc8 32. Rb5 Qa6 33. a4 Nd8
34. Ne4 Qxa4 35. Rxb8 Qa1+ 36. Kh2 Kxb8 37. Nd6 Bxd6 38. exd6 Kc8 39. Qe2 Qb1
40. Qh5 Qb6 41. Qh8 Rg4 42. Be5 Rg5 43. Bf6 Rf5 44. Be7 Rf2 45. Kh3 Rxg2 46.
Kxg2 Qc6+ 47. Kf2 Qd7 48. g4 a5 49. Ke1 a4 50. Kd2 a3 51. Kc1 a2 52. Kb2 a1=Q+
53. Kxa1 Qa4+ 54. Kb2 Qb4+ 55. Ka2 {=} 55... Qd2+ 56. Ka1 Qa5+ 57. Kb1 Kd7 58.
Qf8 Qb4+ 59. Ka2 Qd2+ 60. Ka1 Qc1+ 61. Ka2 Nc6 62. Kb3 Qb1+ 63. Ka3 Qxd3+ 64.
Kb2 Qc3+ 65. Kb1 d3 66. Qxf7 Qc2+ 67. Ka1 Qc1+ 68. Ka2 Nb4+ 0-1